| 000 | 01010nam a2200241Ia 4500 | ||
|---|---|---|---|
| 003 | GCL | ||
| 008 | 140319s9999 xx 000 0 ara d | ||
| 040 |
_aGCL / _cGCL |
||
| 082 | 0 | 4 |
_a956.506 _bس أ |
| 100 | 1 | _aعاصم الدسوقى | |
| 245 | 1 | 0 |
_aالانقلابات العسكرية فى سوريا ( 1949 - 1954 م ) / _cعاصم الدسوقى |
| 700 | 1 | _aسيد عبدالعال | |
| 260 |
_aالقاهرة : _bمكتبة مدبولى ، _c2007 |
||
| 300 |
_a484 ص ؛ _c24 سم |
||
| 650 | 0 | 4 | _aسوريا - تاريخ - العصر الحديث |
| 650 | 0 | 4 | _aسوريا - الاحزاب السياسية |
| 650 | 0 | 4 | _aسوريا - الاحوال السياسية |
| 650 | 0 | 4 | _aسوريا - العلاقات الخارجية - لبنان |
| 650 | 0 | 4 | _aالقضية الفلسطينية - سوريا |
| 650 | 0 | 4 | _aالحياة العسكرية - سوريا |
| 650 | 0 | 4 | _aسوريا - تاريخ - العصر الحديث - فترة الانقلابات ( 1946 - 1958 م ) |
| 942 |
_2ddc _cBK |
||
| 999 |
_c9517 _d9517 |
||